LIBRARY ONLINE CATALOGUE

Family law : (Record no. 4151)

MARC details
000 -LEADER
fixed length control field 00811cam a22002412 4500
001 - CONTROL NUMBER
control field 0000020625
005 - DATE AND TIME OF LATEST TRANSACTION
control field 20151217145926.0
008 - FIXED-LENGTH DATA ELEMENTS--GENERAL INFORMATION
fixed length control field 110928s xx 000 0 eng d
020 ## - INTERNATIONAL STANDARD BOOK NUMBER
International Standard Book Number 0406905970 :
040 ## - CATALOGING SOURCE
Original cataloging agency KABU
Transcribing agency KABU
100 1# - MAIN ENTRY--PERSONAL NAME
Personal name Hayes, Mary.
-- 0000181076
245 10 - TITLE STATEMENT
Title Family law :
Remainder of title principles, policy and practice /
Statement of responsibility, etc. Mary Hayes, Catherine Williams.
250 ## - EDITION STATEMENT
Edition statement 2nd ed.
260 ## - PUBLICATION, DISTRIBUTION, ETC. (IMPRINT)
Place of publication, distribution, etc. Oxford :
Name of publisher, distributor, etc. O. U. P.,
Date of publication, distribution, etc. 2005.
300 ## - PHYSICAL DESCRIPTION
Extent lx, 765 p.
650 #0 - SUBJECT ADDED ENTRY--TOPICAL TERM
Topical term or geographic name as entry element Domestic relations
Geographic subdivision Great Britain.
-- 0000160162
700 1# - ADDED ENTRY--PERSONAL NAME
Personal name Williams, Catherine.
-- 0000181077
852 1# - LOCATION
-- p7529 KES
852 1# - LOCATION
-- p7529 KES
852 1# - LOCATION
-- p7529 KES
908 ## - PUT COMMAND PARAMETER (RLIN)
Put command parameter 110928
950 ## - LOCAL HOLDINGS (RLIN)
-- 1
Holdings
Withdrawn status Lost status Source of classification or shelving scheme Not for loan Home library Current library Date acquired Total Checkouts Full call number Barcode Date last seen Price effective from Koha item type Total Renewals Date last checked out
    Library of Congress Classification   Kabarak, Main Campus Kabarak, Main Campus 17/12/2015   KD750 .H39 2005 c. 3 21219 17/12/2015 17/12/2015 General Collection    
    Library of Congress Classification   Kabarak, Main Campus Kabarak, Main Campus 17/12/2015 3 KD750 .H39 2005 c. 4 21218 23/07/2018 17/12/2015 General Collection 1 03/07/2018
    Library of Congress Classification   Kabarak, Main Campus Kabarak, Main Campus 17/12/2015   KD750 .H39 2005 c. 6 21216 17/12/2015 17/12/2015 General Collection    
    Library of Congress Classification   Kabarak, Main Campus Kabarak, Main Campus 17/12/2015 1 KD750 .H39 2005 c. 1 19405 23/05/2018 17/12/2015 General Collection   17/05/2018
    Library of Congress Classification   Kabarak, Main Campus Kabarak, Main Campus 17/12/2015 5 KD750 .H39 2005 c. 7 21217 30/10/2021 17/12/2015 General Collection   26/10/2021
    Library of Congress Classification   Kabarak, Main Campus Kabarak, Main Campus 17/12/2015 1 KD750 .H39 2005 c. 2 19974 23/10/2024 17/12/2015 General Collection   12/10/2024
    Library of Congress Classification   Kabarak, Main Campus Kabarak, Main Campus 17/12/2015 2 KD750 .H39 2005 c. 5 21215 30/09/2024 17/12/2015 General Collection   20/09/2024